William Faulkner

محفوظ في:
التفاصيل البيبلوغرافية
المؤلف الرئيسي: Hoffman, Frederick J (مؤلف)
التنسيق: كتاب
اللغة:الإنجليزية
منشور في: Boston Twayne Publishers 1966
الطبعة:2a. ed
سلاسل:Twayne's United States Authors Series. TUSAS, 1
الموضوعات:
الوسوم: إضافة وسم
لا توجد وسوم, كن أول من يضع وسما على هذه التسجيلة!

MARC

LEADER 00000nam a2200000 a 4500
001 UCQ2531
003 CL-VaPUC
008 980724e19660000US |||||||||||||||||eng|d
082 0 4 |a 813.09  |b HOF  |2 21 
100 |a Hoffman, Frederick J  |e author  |9 574623 
245 1 0 |a William Faulkner 
250 |a 2a. ed 
300 |a 160 p 
942 |c BK 
945 |d 19980724 00:00:00  |a crobeson 
260 |a Boston  |b Twayne Publishers  |c 1966 
600 0 7 |a FAULKNER, WILLIAM  |2 CL-VaPUC  |9 313148 
650 7 |a NOVELA ESTADOUNIDENSE  |2 CL-VaPUC  |9 266286 
650 0 |a Literatura estadounidense  |9 317168 
650 0 |a Crítica e interpretación   |9 255042 
650 0 |a Crítica literaria   |9 269189 
583 |a last modification  |c 19980724 00:00:00  |k Rodrigo Vera 
490 0 |a Twayne's United States Authors Series. TUSAS, 1 
999 |c 273349  |d 273347 
952 |0 0  |1 0  |4 0  |6 813_090000000000000_HOF_1966  |7 0  |8 A  |9 308806  |a BIBEDU  |b BIBEDU  |d 2019-11-20  |i 1448617  |o 813.09 HOF 1966  |p 1448617  |r 2019-11-20  |w 2019-11-20  |y BK  |k LIT